Science

Bibliographic Details
Format: Book
Published: Illinois : Scott,Foresman and Company , 1984
Subjects:

MARC

LEADER 00000cam a2200000 7i4500
001 0000008480
002 000009240
005 20000330.0
020 |a 0673140059 
090 0 0 |a J 507   |b SCI 
245 0 0 |a Science 
260 |a Illinois :   |b Scott,Foresman and Company ,   |c 1984 
300 |a 404 p. ;   |c 35 cm. 
650 0 0 |a Science   |x Juvenile literature 
999 |a 0009211   |b BUKU   |c PINJAMAN   |e PERPUSTAKAAN KOMUNITI PETALING JAYA 
999 |a 0009227   |b BUKU   |c PINJAMAN   |e PERPUSTAKAAN KOMUNITI PETALING JAYA